El oro de los sueños: Crónica de las aventuras verdaderas de Miguel Villacé Yólotl novelada por (Record no. 11944)

MARC details
000 -LEADER
campo de control de longitud fija 00426nam a2200121Ia 4500
008 - DATOS DE LONGITUD FIJA--INFORMACIÓN GENERAL
campo de control de longitud fija 231129s9999||||xx |||||||||||||| ||spa||
020 ## - NÚMERO INTERNACIONAL ESTÁNDAR DEL LIBRO
Número Internacional Estándar del Libro 84-204-4122-8
082 ## - NÚMERO DE LA CLASIFICACIÓN DECIMAL DEWEY
Número de clasificación 863 M562ó
100 ## - ENTRADA PRINCIPAL--NOMBRE DE PERSONA
Nombre de persona Merino José Marí­a
245 #0 - MENCIÓN DEL TÍTULO
Título El oro de los sueños: Crónica de las aventuras verdaderas de Miguel Villacé Yólotl novelada por
264 ## - PRODUCCIÓN, PUBLICACIÓN, DISTRIBUCIÓN, FABRICACIÓN Y COPYRIGHT
Producción, publicación, distribución, fabricación y copyright Madrid España : Alfaguara
942 ## - ELEMENTOS DE ENTRADA SECUNDARIOS (KOHA)
Fuente del sistema de clasificación o colocación Clasificación Decimal Dewey
Tipo de ítem Koha
Holdings
Estatus retirado Estado de pérdida Fuente del sistema de clasificación o colocación Estado de daño No para préstamo Biblioteca de origen Biblioteca actual Fecha de adquisición Total de préstamos Signatura topográfica completa Código de barras Visto por última vez Copia número Precio de reemplazo Tipo de ítem Koha
    Clasificación Decimal Dewey     BIBLIOTECA PÚBLICA MUNICIPAL RAMON CORREA MEJIA BIBLIOTECA PÚBLICA MUNICIPAL RAMON CORREA MEJIA 14/04/2016   863 M562ó 37348 29/11/2023 1 29/11/2023 Libros

Powered by Koha